<?xml version="1.0" encoding="UTF-8"?>
<record
    xmlns:xsi="http://www.w3.org/2001/XMLSchema-instance"
    xsi:schemaLocation="http://www.loc.gov/MARC21/slim http://www.loc.gov/standards/marcxml/schema/MARC21slim.xsd"
    xmlns="http://www.loc.gov/MARC21/slim">

  <leader>04401cam a2200361   4500500</leader>
  <controlfield tag="005">20260517000342.0</controlfield>
  <datafield tag="041" ind1=" " ind2=" ">
    <subfield code="a">fre</subfield>
  </datafield>
  <datafield tag="042" ind1=" " ind2=" ">
    <subfield code="a">dc</subfield>
  </datafield>
  <datafield tag="100" ind1="1" ind2="0">
    <subfield code="a">Bell, Linda</subfield>
    <subfield code="e">author</subfield>
  </datafield>
  <datafield tag="700" ind1="1" ind2="0">
    <subfield code="a">Benoit, Annie</subfield>
    <subfield code="e">author</subfield>
  </datafield>
  <datafield tag="700" ind1="1" ind2="0">
    <subfield code="a">Simoneau-Roy, Judith</subfield>
    <subfield code="e">author</subfield>
  </datafield>
  <datafield tag="700" ind1="1" ind2="0">
    <subfield code="a">Blouin, Simon</subfield>
    <subfield code="e">author</subfield>
  </datafield>
  <datafield tag="700" ind1="1" ind2="0">
    <subfield code="a">Gallagher, Frances</subfield>
    <subfield code="e">author</subfield>
  </datafield>
  <datafield tag="245" ind1="0" ind2="0">
    <subfield code="a">Les facteurs associ&#xE9;s &#xE0; la poursuite de l&#x2019;allaitement maternel chez les jeunes m&#xE8;res canadiennes</subfield>
  </datafield>
  <datafield tag="260" ind1=" " ind2=" ">
    <subfield code="c">2015.
							</subfield>
  </datafield>
  <datafield tag="500" ind1=" " ind2=" ">
    <subfield code="a">96</subfield>
  </datafield>
  <datafield tag="520" ind1=" " ind2=" ">
    <subfield code="a">R&#xE9;sum&#xE9; Objectifs&#xA0;: Les taux de poursuite de l&#x2019;allaitement sont les plus faibles chez les jeunes m&#xE8;res, alors que peu d&#x2019;&#xE9;tudes portent sp&#xE9;cifiquement sur cette population. Cette &#xE9;tude d&#xE9;crit les facteurs li&#xE9;s &#xE0; la poursuite de l&#x2019;allaitement au-del&#xE0; de deux mois chez les jeunes m&#xE8;res canadiennes. M&#xE9;thode&#xA0;: Un devis descriptif corr&#xE9;lationnel a &#xE9;t&#xE9; utilis&#xE9; pour identifier et quantifier l&#x2019;impact des facteurs influen&#xE7;ant la poursuite de l&#x2019;allaitement au-del&#xE0; de deux mois. Les donn&#xE9;es proviennent d&#x2019;une s&#xE9;lection des m&#xE8;res de 15 &#xE0; 19&#xA0;ans ayant r&#xE9;pondu &#xE0; l&#x2019;Enqu&#xEA;te canadienne sur l&#x2019;exp&#xE9;rience de la maternit&#xE9;. R&#xE9;sultats&#xA0;: La diff&#xE9;rence entre les sous-groupes d&#x2019;&#xE2;ge (15-18 vs 19&#xA0;ans) en ce qui concerne la poursuite de l&#x2019;allaitement n&#x2019;est pas significative, mais ne pas fumer (RC&#xA0;2,78&#xA0;; IC 95&#xA0;%, 1,351-5,682), vivre en couple (RC&#xA0;1,96&#xA0;; IC&#xA0;95&#xA0;%, 1,087-3,597), accoucher par voie vaginale (RC&#xA0;2,22&#xA0;; IC&#xA0;95&#xA0;%, 1,012-4,878) ainsi que de subir un nombre &#xE9;lev&#xE9; de situations stressantes (RC&#xA0;0,42&#xA0;; IC&#xA0;95&#xA0;%, 0,221-0,788) favorisent la poursuite de l&#x2019;allaitement au-del&#xE0; de deux mois. Aucune relation significative n&#x2019;a &#xE9;t&#xE9; trouv&#xE9;e avec la planification de la grossesse, la pr&#xE9;paration pr&#xE9;natale, la violence subie, les sympt&#xF4;mes d&#xE9;pressifs et la disponibilit&#xE9; du soutien social. Conclusion&#xA0;: Certains facteurs reli&#xE9;s aux p&#xE9;riodes pr&#xE9;- et postnatales, en plus des facteurs sociod&#xE9;mographiques, influencent le choix des jeunes m&#xE8;res canadiennes de poursuivre ou non l&#x2019;allaitement au-del&#xE0; de deux mois. Nos r&#xE9;sultats serviront &#xE0; guider les interventions sp&#xE9;cifiques aux jeunes m&#xE8;res dans le cadre de programmes de protection, de promotion et de soutien &#xE0; l&#x2019;allaitement maternel.</subfield>
  </datafield>
  <datafield tag="520" ind1=" " ind2=" ">
    <subfield code="a">Factors associated with breastfeeding continuation in young Canadian mothersSummary Objectives: Breastfeeding continuation rates are lower among young mothers, while few studies have specifically focused on this population. This study describes the factors related to continued breastfeeding beyond two months among young Canadian mothers. Methods: A descriptive and correlational design was used to identify and quantify the impact of factors affecting continued breastfeeding beyond two months. Data were derived from a selection of mothers 15-19 years who responded to The Maternity Experiences Survey. Results: The difference between subgroups (15-18 vs 19 years old) in terms of breastfeeding continuation was not significant, but non-smoking (OR 2.78, 95% CI, 1.351 - 5.682), living with a partner (OR 1.96, 95% CI, 1.087 to 3.597), vaginal delivery (OR 2.22, 95% CI, 1.012 to 4.878) and experiencing a large number of stressful situations (RC 0.42, 95% CI, 0.221 to 0.788) promotes continued breastfeeding beyond two months. No significant relationship was found with pregnancy planning, prenatal preparation, the violence suffered, depressive symptoms and the availability of social support. Conclusion: Some factors related to pre-and postnatal periods, in addition to sociodemographic factors influence the choice of young Canadian mothers to continue or not continue breastfeeding beyond two months. Our results will be used to guide specific interventions for young mothers in breastfeeding protection, promotion and support programmes.</subfield>
  </datafield>
  <datafield tag="690" ind1=" " ind2=" ">
    <subfield code="a">adolescence</subfield>
  </datafield>
  <datafield tag="690" ind1=" " ind2=" ">
    <subfield code="a">allaitement maternel</subfield>
  </datafield>
  <datafield tag="690" ind1=" " ind2=" ">
    <subfield code="a">anxi&#xE9;t&#xE9;</subfield>
  </datafield>
  <datafield tag="690" ind1=" " ind2=" ">
    <subfield code="a">facteurs socio-d&#xE9;mographiques</subfield>
  </datafield>
  <datafield tag="690" ind1=" " ind2=" ">
    <subfield code="a">mode d&#x2019;accouchement</subfield>
  </datafield>
  <datafield tag="690" ind1=" " ind2=" ">
    <subfield code="a">tabagisme</subfield>
  </datafield>
  <datafield tag="690" ind1=" " ind2=" ">
    <subfield code="a">adolescence</subfield>
  </datafield>
  <datafield tag="690" ind1=" " ind2=" ">
    <subfield code="a">anxiety</subfield>
  </datafield>
  <datafield tag="690" ind1=" " ind2=" ">
    <subfield code="a">breastfeeding</subfield>
  </datafield>
  <datafield tag="690" ind1=" " ind2=" ">
    <subfield code="a">delivery mode</subfield>
  </datafield>
  <datafield tag="690" ind1=" " ind2=" ">
    <subfield code="a">smoking</subfield>
  </datafield>
  <datafield tag="690" ind1=" " ind2=" ">
    <subfield code="a">sociodemographic factors</subfield>
  </datafield>
  <datafield tag="786" ind1="0" ind2=" ">
    <subfield code="n">Sant&#xE9; Publique | 27 | 1 | 2015-03-18 | p. 7-15 | 0995-3914</subfield>
  </datafield>
  <datafield tag="856" ind1="4" ind2="1">
    <subfield code="u">https://stm.cairn.info/revue-sante-publique-2015-1-page-7?lang=fr&amp;redirect-ssocas=7080</subfield>
  </datafield>
  <datafield tag="999" ind1=" " ind2=" ">
    <subfield code="c">2231529</subfield>
    <subfield code="d">2231529</subfield>
  </datafield>
</record>
